000 00314pam a2200133 a 4500
020 _c
041 _h
082 _a658
_bAHM/AGA
100 _aAHMED A.,AGARWAL G.C.,
245 _aPROBLEMS IN MANAGEMENT
_hTextual Documents
260 _aBOMBAY
_bASIA PUBLISHING HOUSE
_c1967
300 _aXII+244
930 _a6422
999 _c125893
_d125893